Official Languages by Country - Statistics

General Stats
  • This quiz has been taken 673 times
  • The average score is 25 of 35
Answer Stats
World Countries Official Language % Correct
20 Spain, Mexico, Colombia Spanish
100%
58 United States, United Kingdom, Australia English
100%
24 Saudi Arabia, Palestine, Morocco Arabic
99%
6 Germany, Austria, Liechtenstein German
99%
26 France, Canada, Monaco French
99%
4 Italy, Switzerland, San Marino Italian
99%
9 Portugal, Brazil, East Timor Portuguese
99%
5 Russia, Belarus, Tajikistan Russian
99%
3 Netherlands, Belgium, Suriname Dutch
97%
2 Greece, Cyprus Greek
95%
2 North Korea, South Korea Korean
95%
3 China, Singapore, Taiwan Mandarin
94%
5 Serbia, Croatia, Montenegro Serbo-Croatian
94%
2 Turkey, Cyprus Turkish
94%
4 Malaysia, Indonesia, Singapore Malay
92%
2 Sweden, Finland Swedish
91%
5 RDC, Tanzania, Kenya Swahili
87%
3 Albania, Kosovo, North Macedonia Albanian
86%
2 India, Fiji Hindi
86%
3 Iran, Afghanistan, Tajikistan Persian
86%
2 Romania, Moldova Romanian
84%
2 Somalia, Ethiopia Somali
68%
2 Sri Lanka, Singapore Tamil
67%
2 Morocco, Algeria Berber
63%
2 Armenia, Iraq Kurdish
60%
2 Peru, Bolivia Quechua
59%
3 South Africa, Lesotho, Zimbabwe Sotho
49%
3 South Africa, Botswana, Zimbabwe Tswana
42%
2 Bolivia, Paraguay Guarani
34%
2 Eritrea, Ethiopia Tigrinya
31%
2 Peru, Bolivia Aymara
26%
2 South Africa, Eswatini Swati
22%
2 South Africa, Zimbabwe Venda
11%
2 Malawi, Zimbabwe Chichewa
6%
2 Rwanda, Burundi Rwanda-Rundi
2%
No matching quizzes found
Score Distribution
Percent of People with Each Score
Percentile by Number Answered
Your Score History
You have not taken this quiz